000 00718nmc a2200277 a 4500
003 AR-BaBNM
005 20251128205158.0
008 096119s1986 ||||||||||||||000 | spa||
020 _a950-21-0795-0
040 _cAR-BaBNM
100 1 _aMercader, Marta
245 1 0 _aConejitos con hijitos
250 _a4ª ed.
260 _aBuenos Aires
_bPlus Ultra
_c1986
300 0 _a67 p.
490 0 _aPara leer y comentar. Tejados rojos
_vv. 48
650 4 _aLIBROS PARA NINOS
650 4 _aACTIVIDADES DE APRENDIZAJE
650 4 _aLITERATURA INFANTIL
653 0 _aNARRATIVA
655 _aLITERATURA
700 0 _aCúneo
_eilustrador
800 1 _aLacau, María Hortensia
942 _cBK
998 _cMARTIN
999 _c10319
_d10319